Norwich City (1993) vs Bayern Munich XI - Statistics

General Stats
  • This quiz has been taken 10 times
  • The average score is 7 of 13
Answer Stats
Answer % Correct
Bryan Gunn
100%
Jeremy Goss
100%
Chris Sutton
78%
Mark Bowen
67%
Mike Walker
67%
Mark Robins
56%
Ian Butterworth
44%
Ian Crook
44%
Ian Culverhouse
44%
Ruel Fox
44%
Daryl Sutch
33%
Rob Newman
33%
Spencer Prior
22%
No matching quizzes found
Score Distribution
Percent of People with Each Score
Percentile by Number Answered
Your Score History
You have not taken this quiz